<?xml version="1.0" encoding="UTF-8"?>
<record
    xmlns:xsi="http://www.w3.org/2001/XMLSchema-instance"
    xsi:schemaLocation="http://www.loc.gov/MARC21/slim http://www.loc.gov/standards/marcxml/schema/MARC21slim.xsd"
    xmlns="http://www.loc.gov/MARC21/slim">

  <leader>01773nam a22002657a 4500</leader>
  <controlfield tag="001">000498</controlfield>
  <controlfield tag="003">DO-SdBNP</controlfield>
  <controlfield tag="005">20240122094906.0</controlfield>
  <controlfield tag="007">000498</controlfield>
  <controlfield tag="008">160915b  2006 nyu | 00| 0 spa d</controlfield>
  <datafield tag="020" ind1=" " ind2=" ">
    <subfield code="a">097853770X</subfield>
  </datafield>
  <datafield tag="040" ind1=" " ind2=" ">
    <subfield code="a">BPMSU</subfield>
    <subfield code="b">spa</subfield>
    <subfield code="c">BPMSU</subfield>
  </datafield>
  <datafield tag="082" ind1=" " ind2="4">
    <subfield code="a">336.20973</subfield>
    <subfield code="b">P259m 2006</subfield>
    <subfield code="2">22</subfield>
  </datafield>
  <datafield tag="100" ind1="1" ind2=" ">
    <subfield code="a">Parra,  Luis </subfield>
  </datafield>
  <datafield tag="245" ind1="1" ind2="0">
    <subfield code="a">Manual del impuestos federales para peque&#xF1;os negocios en Estados Unidos : </subfield>
    <subfield code="b">manual pr&#xE1;ctico en espa&#xF1;ol /</subfield>
    <subfield code="c">Parra,  Luis Parra ; pr&#xF3;logo Jorge N. Ram&#xED;rez.</subfield>
  </datafield>
  <datafield tag="260" ind1=" " ind2=" ">
    <subfield code="a">New York, Estados Unidos :</subfield>
    <subfield code="b">G&amp;H Soho, </subfield>
    <subfield code="c">2006.</subfield>
  </datafield>
  <datafield tag="300" ind1=" " ind2=" ">
    <subfield code="a">xvi, 186 p. : </subfield>
    <subfield code="b">il. ; </subfield>
    <subfield code="c">23 cm +</subfield>
    <subfield code="e">CD-ROM, </subfield>
  </datafield>
  <datafield tag="505" ind1="0" ind2=" ">
    <subfield code="a">Presentaci&#xF3;n vii -- Dedicatoria ix -- Acerca del autor xi -- Comentarios al pr&#xF3;logo xv -- Tema 1. Historia y marco legal 3 -- Tema 2. Tipos de negocios y estructuras de los mismos 15 -- Tema 3. Apertura y cierre de un negocio 45 -- Tema 4. Libros y r&#xE9;cords 49 -- Tema 5. Ingresos de negocios 55 -- Tema 6. Deducciones, gastos y cr&#xE9;ditos de Negocios 59 -- Tema 7. Formas usadas para cada tipo de impuesto 85 -- Tema 8. Requisitos de impuestos patronales 97 -- Tema 9. Propinas: retenci&#xF3;n y declaraci&#xF3;n 107 -- Tema 10. Impuestos pasa No-Residentes 111 -- Tema 11. Recursos Disponibles 121 -- Tema 12. Organizaciones sin Fines de Lucro (ONG) 125 -- Tema 13. Informaci&#xF3;n sobre los Estados 135 -- Tema 14. Impuestos personales 141 -- Tema 15. Fatca &amp; Fbar 163 -- Tema 16. Disposiciones Tributarias de la Ley del Cuidado de Salud a Bajo Precio (Obama Care) 173.</subfield>
  </datafield>
  <datafield tag="590" ind1=" " ind2=" ">
    <subfield code="a">Inventariado, 2024/VM</subfield>
  </datafield>
  <datafield tag="650" ind1=" " ind2="4">
    <subfield code="a">Impuestos</subfield>
    <subfield code="z">Estados Unidos </subfield>
    <subfield code="v">Manuales</subfield>
  </datafield>
  <datafield tag="650" ind1=" " ind2="4">
    <subfield code="a">impuestos sobre la renta</subfield>
    <subfield code="z">Estados Unidos  </subfield>
    <subfield code="v">Manuales</subfield>
  </datafield>
  <datafield tag="700" ind1="1" ind2=" ">
    <subfield code="a">Ram&#xED;rez, Jorge N. </subfield>
    <subfield code="e">pr&#xF3;l.</subfield>
  </datafield>
  <datafield tag="910" ind1=" " ind2=" ">
    <subfield code="a">VMateo V. Control de calidad. BPMSU</subfield>
  </datafield>
  <datafield tag="942" ind1=" " ind2=" ">
    <subfield code="2">ddc</subfield>
    <subfield code="c">BK</subfield>
  </datafield>
  <datafield tag="952" ind1=" " ind2=" ">
    <subfield code="0">0</subfield>
    <subfield code="1">0</subfield>
    <subfield code="2">ddc</subfield>
    <subfield code="4">0</subfield>
    <subfield code="7">0</subfield>
    <subfield code="8">CG</subfield>
    <subfield code="a">BPMET</subfield>
    <subfield code="b">BPMET</subfield>
    <subfield code="d">2016-09-15</subfield>
    <subfield code="e">Donaci&#xF3;n</subfield>
    <subfield code="l">0</subfield>
    <subfield code="o">BPMSU CG 336.20973 P259m 2006</subfield>
    <subfield code="p">BPMSU16090314</subfield>
    <subfield code="r">2016-09-15</subfield>
    <subfield code="w">2016-09-15</subfield>
    <subfield code="y">BK</subfield>
  </datafield>
  <datafield tag="952" ind1=" " ind2=" ">
    <subfield code="0">0</subfield>
    <subfield code="1">0</subfield>
    <subfield code="2">ddc</subfield>
    <subfield code="4">0</subfield>
    <subfield code="7">0</subfield>
    <subfield code="8">CG</subfield>
    <subfield code="a">BPMET</subfield>
    <subfield code="b">BPMET</subfield>
    <subfield code="d">2016-09-15</subfield>
    <subfield code="e"> </subfield>
    <subfield code="l">0</subfield>
    <subfield code="o">BPMSU CG 336.20973 P259m 2006</subfield>
    <subfield code="p">BPMSU16090315</subfield>
    <subfield code="r">2016-09-15</subfield>
    <subfield code="t">e.2</subfield>
    <subfield code="w">2016-09-15</subfield>
    <subfield code="y">BK</subfield>
  </datafield>
  <datafield tag="999" ind1=" " ind2=" ">
    <subfield code="c">11394</subfield>
    <subfield code="d">11394</subfield>
  </datafield>
</record>
